000
002960000a22001210004500
041
0
_a
SPA
082
0
4
_a
CD 042
110
1
_a
Microsoft Corporation
245
1
0
_a
Encarta : Biblioteca Premium / Microsoft Corporation
505
0
0
_a
Disco NÂș 2 / Enciclopedia multimedia
001
1040
942
_c
LGB
999
_c
48216
_d
48216